00326 a2200109 4500020001700000082001800017100002500035245006000060260004600120300003100166650001900197 a978041541381 a624.15132 PAR aPariseau, William G. aDesign Analysis in Rock Mechanics/cWilliam G. Pariseau aLondon :bTaylor and Francis Group,c2006 aix, 560p. :bill. ;c25 cm aRock Mechanics